| 000 | 00346nam a2200145Ia 4500 | ||
|---|---|---|---|
| 008 | 150201s2007 xx 000 0 und d | ||
| 082 |
_a616.0757 _bD07G |
||
| 100 | _aGUPTA, LC | ||
| 245 | _aDIAGNOSTIC ULTRASOUND | ||
| 250 | _a2ND | ||
| 260 |
_bJAYPEE BROTHERS _aDELHI _c2007 |
||
| 300 | _a1-376 | ||
| 650 | _aRADIOLOGY & DIAGNOSIS | ||
| 942 |
_2ddc _cBK |
||
| 999 |
_c27 _d27 |
||